| 000 -CABECERA |
| Longitud fija campo de control |
00556nam a22001577a 4500 |
| 003 - IDENTIFICADOR DEL NÚMERO DE CONTROL |
| Identificador del número de control |
OSt |
| 005 - FECHA Y HORA DE LA ÚLTIMA TRANSACCIÓN |
| Fecha y hora de la última transacción |
20130509190401.0 |
| 008 - CÓDIGOS DE INFORMACIÓN DE LONGITUD FIJA |
| Códigos de información de longitud fija |
130509s1998 sp ||||| |||| 00| 0 cat d |
| 040 ## - FUENTE DE LA CATALOGACIÓN |
| Centro transcriptor |
CDMR |
| 100 1# - PUNTO DE ACCESO PRINCIPAL-NOMBRE DE PERSONA |
| 9 (RLIN) |
3386 |
| Nombre de persona |
Garrell i Alsina, Amador |
| 245 10 - MENCIÓN DE TÍTULO |
| Título |
Petites cròniques granollerines de Plàcid |
| Mención de responsabilidad, etc. |
recopilació text, Hemeroteca Municipal Josep Mora ; coordinació, Josep Garrell i Soto |
| 260 ## - PUBLICACIÓN, DISTRIBUCIÓN, ETC. (PIE DE IMPRENTA) |
| Lugar de publicación, distribución, etc. |
[Granollers] |
| Nombre del editor, distribuidor, etc. |
Ajuntament de Granollers |
| Fecha de publicación, distribución, etc. |
DL 1998 |
| 300 ## - DESCRIPCIÓN FÍSICA |
| Extensión |
304 p. |
| 600 1# - PUNTO DE ACCESO ADICIONAL DE MATERIA - NOMBRE DE PERSONA |
| 9 (RLIN) |
3386 |
| Nombre de persona |
Garrell i Alsina, Amador |
| Subdivisión de forma (R ) |
Recull d'escrits |
| Subdivisió,n cronológica (R ) |
1923-1937 |
| 942 ## - ENTRADA DE ELEMENTOS AGREGADOS (KOHA) |
| Fuente de clasificaión o esquema |
|
| Koha [por defecto] tipo de item |
Monografies |